| 000 | 01677nam a2200445Ia 4500 | ||
|---|---|---|---|
| 001 | 058469 | ||
| 008 | 221003m2020 xx 000 0 spa d | ||
| 035 | _aCENDO_48023 | ||
| 041 | _aspa | ||
| 245 | 0 | _a<La> epidemia del COVID-19 revela la debilidad de la prevención de riesgos laborales en España | |
| 260 |
_a[Valladolid] : _bUnión Sindical de Castilla y León, _c2020 |
||
| 300 |
_a1 p. ; _c 30 cm |
||
| 500 | _aEn: BOICCOOT a la Siniestralidad Laboral : Boletín Informativo de CCOO para los Trabajadores y Trabajadoras, n. 284 (mayo 2020), p. 3 | ||
| 650 |
_aDIA MUNDIAL DE LA SEGURIDAD Y SALUD EN EL TRABAJO _939765 |
||
| 650 | 0 |
_aASISTENCIA MEDICA _9556 |
|
| 650 |
_aRIESGO _91825 |
||
| 650 |
_aMEDIDAS PROTECTORAS _932552 |
||
| 650 |
_aPREVENCION _94589 |
||
| 650 |
_aACCIDENTE DE TRABAJO _9581 |
||
| 650 |
_aENFERMEDAD PROFESIONAL _9154 |
||
| 650 |
_aAJUSTE ESTRUCTURAL _91105 |
||
| 650 |
_aCONFLICTO SOCIAL _9368 |
||
| 650 |
_aSEGURIDAD EN EL TRABAJO _9492 |
||
| 650 |
_aSALUD EN EL TRABAJO _9155 |
||
| 650 |
_aEPIDEMIA _913534 |
||
| 650 | 0 |
_aENFERMEDAD INFECCIOSA _98551 |
|
| 650 |
_aESPAÑA _99 |
||
| 650 | 0 |
_aACTITUD SINDICAL _961 |
|
| 650 | 0 |
_aCOVID-19 _916125 |
|
| 710 |
_aCCOO _bUnión Sindical de Castilla y León, _eed. _920291 |
||
| 856 |
_zPDF _uhttp://docpublicos.ccoo.es/cendoc/058469EpidemiaDebilidadPrevencion.pdf |
||
| 901 | _a0 | ||
| 903 | _aNO | ||
| 904 | _a000 | ||
| 907 | _a28 de Abril | ||
| 953 |
_d2020-05-04 _yDOCU_ELEC _hBOICCOOT a la Siniestralidad Laboral : Boletín Informativo de CCOO para los Trabajadores y Trabajadoras, n. 284 (mayo 2020), p. 3 _tPS98 |
||
| 999 |
_c48022 _d48022 |
||
| 910 | _a2020 | ||
| 942 | _cDOCU_ELEC | ||